Statistics for European Greetings Quiz

Click here to take the quiz!

General Stats

  • This quiz has been taken 38,896 times
    (30,498 since last reset)
  • The average score is 18 of 40

Answer Stats

English To Language Translated % Correct
HelloFrenchBonjour / salut
84%
HelloSpanishHola
84%
Good dayFrenchBonjour
82%
Thank youFrenchMerci
72%
Thank youSpanishGracias
72%
HelloItalianCiao / salve
64%
GoodbyeItalianCiao
64%
Thank youGermanDanke
63%
GoodbyeFrenchAu revoir
63%
PleaseSpanishPor favor
60%
Good dayGermanGuten Tag
56%
How are you? (formal)Spanish¿Cómo está?
52%
GoodbyeSpanishAdiós
52%
Good daySpanishBuenos días
52%
You're welcomeSpanishDe nada
50%
PleaseFrenchS'il vous plaît
50%
Good eveningSpanishBuenas tardes
50%
Thank youItalianGrazie
50%
HelloGermanHallo
49%
You're welcomeGermanBitteschön
47%
PleaseGermanBitte
47%
WelcomeFrenchBienvenue
42%
Good dayItalianBuongiorno
42%
WelcomeGermanWillkommen
42%
Good eveningFrenchBonsoir
42%
GoodbyeGermanAuf Wiedersehen
42%
See you laterSpanishHasta luego
36%
WelcomeSpanishBienvenido
35%
How are you? (formal)FrenchComment allez-vous ?
35%
You're welcomeFrenchJe vous en prie / de rien
31%
Good eveningGermanGuten Abend
31%
How are you? (formal)GermanWie geht es Ihnen?
29%
See you laterFrenchÀ plus tard
25%
You're welcomeItalianPrego / di niente
24%
PleaseItalianPer favore
23%
Good eveningItalianBuonasera
21%
See you laterItalianArrivederci
18%
See you laterGermanBis später
17%
WelcomeItalianBenvenuto
16%
How are you? (formal)ItalianCome sta?
15%

Score Distribution

Percentile by Number Answered

Percent of People with Each Score

Your Score History

You have not taken this quiz since the last reset